000 00263nam a2200097Ia 4500
001 1000185
005 20250826230346.0
008 250824s9999 xx 000 0 und d
245 0 _aDEMİR PENÇE SUZİKO/R4
_cSARA GÜRBÜZ ÖZEREN
260 _bGENÇ DAMLA YAYINLARI
999 _c1000185
_d1000185